000 00314nam a2200121Ia 4500
008 190216s9999||||xx |||||||||||||| ||und||
100 _aVelayudhan S
245 0 _aGeneral Composition For Junior Colleges
260 _bSomaiya Publications Pvt Ltd
_c1977
300 _a135p
650 _aEnglish Essay
942 _cBK
999 _c12649
_d12649